Cultura, Clases y cuestión étnico - nacional /
Salvato in:
| Autore principale: | |
|---|---|
| Natura: | Sconosciuto |
| Lingua: | Spanish |
| Pubblicazione: |
México :
Juan Pablo Editor,
1984.
|
| Soggetti: | |
| Tags: |
Aggiungi Tag
Nessun Tag, puoi essere il primo ad aggiungerne!!
|
MARC
| LEADER | 000000000a22000000004500 | ||
|---|---|---|---|
| 001 | 003469 | ||
| 020 | |a 9684039333 | ||
| 041 | 0 | |a spa | |
| 082 | 0 | 4 | |a 306 |b B328c Fotocopia |
| 100 | 1 | |a Bate, Luis | |
| 245 | 1 | 0 | |a Cultura, Clases y cuestión étnico - nacional / |c Luis Bate. |
| 260 | 1 | |a México : |b Juan Pablo Editor, |c 1984. | |
| 300 | |a 141 páginas ; |c 28 X 21 cm. | ||
| 650 | 4 | |a CULTURA | |
| 650 | 4 | |a ETNOGRAFIA | |
| 999 | |c 9690 |d 9690 | ||
| 942 | |c BK |h 306 B328c Fotocopia |2 z | ||
